| 000 | 00657nam a2200169 a 4500 | ||
|---|---|---|---|
| 001 | 000028069 | ||
| 005 | 20200930031325.0 | ||
| 008 | 110408s1987 dr c 000 | spa d | ||
| 040 |
_aDO-SdBNP _bspa _cBNPHU |
||
| 082 |
_axxx _bS619c |
||
| 100 | 1 |
_aSiris Núñez, Domingo _955091 |
|
| 245 | 1 | 3 |
_aLa cotorra y el perico de La Española / _cDomingo Siris Núñez ; prólogo de Juan Pablo Pujals Nolasco. |
| 260 |
_aSanto Domingo : _bSecretaría de Estado de Agricultura. Subsecretaría de Estado de Recursos Naturales, _c1987. _f(Editorial Pérez) |
||
| 300 |
_a5 p. : _bretrs. ; _c21 cm. |
||
| 700 | 1 |
_aPujals Nolasco, Juan Pablo, _epról. _936977 |
|
| 049 | _aBNPD | ||
| 999 |
_c27561 _d27561 |
||